[Event "ENCI Limburg-open A"]
[Site "Maastricht"]
[Date "2008.05.11"]
[Round "4"]
[White "Scholzen, Wolfgang"]
[Black "Koenig, Christian"]
[Result "1-0"]
[WhiteElo "2000"]
[BlackElo "2174"]
[PlyCount "57"]
[EventDate "2008.05.09"]
[EventType "swiss"]
[EventRounds "7"]
[EventCountry "NED"]
[Source "P.Boonen"]
[SourceDate "2010.01.01"]

1. e4 c5 2. Nf3 e6 3. d4 cxd4 4. Nxd4 a6 5. Nc3 Qc7 6. Bd3 Nf6 7. O-O d6 8. Be3
Nbd7 9. f4 Be7 10. g4 Nc5 11. g5 Nfd7 12. f5 Ne5 13. Qh5 g6 14. fxg6 fxg6 15.
Qe2 Bd7 16. Nf3 O-O-O 17. Nxe5 dxe5 18. a3 Rdf8 19. b4 Nxd3 20. cxd3 Kb8 21.
Rac1 Qd8 22. b5 axb5 23. Qd2 Rf3 24. a4 Rxe3 25. Qxe3 Bxg5 26. Qc5 Bxc1 27.
Qxe5+ Kc8 28. Rxc1 Qb6+ 29. d4 1-0

[Event "ENCI Limburg-open A"]
[Site "Maastricht"]
[Date "2008.05.11"]
[Round "4"]
[White "Schut, Lisa"]
[Black "Van Beek, Alexander"]
[Result "1-0"]
[WhiteElo "2065"]
[BlackElo "2343"]
[PlyCount "112"]
[EventDate "2008.05.09"]
[EventType "swiss"]
[EventRounds "7"]
[EventCountry "NED"]
[Source "P.Boonen"]
[SourceDate "2010.01.01"]

1. e4 e5 2. Nf3 Nc6 3. Bc4 Bc5 4. b4 Bxb4 5. c3 Be7 6. d4 Na5 7. Be2 exd4 8.
Qxd4 d6 9. Qxg7 Bf6 10. Qg3 Ne7 11. Bg5 Ng6 12. h4 h6 13. Be3 Be6 14. Nd4 Bc4
15. Bh5 Ne5 16. Na3 Nd3+ 17. Kd2 Nc5 18. f3 Qd7 19. Nxc4 Nxc4+ 20. Ke2 O-O-O
21. Bg4 Ne6 22. a4 Nxe3 23. Kxe3 c5 24. Ne2 h5 25. Bf5 Rhg8 26. Qh3 d5 27. Rhd1
Qc6 28. Nf4 d4+ 29. Kf2 Rge8 30. Nd5 Be5 31. f4 Bh8 32. c4 Kb8 33. Qd3 Nc7 34.
g3 a5 35. Rab1 Nxd5 36. cxd5 Qc7 37. e5 Bxe5 38. fxe5 Rxe5 39. Be4 f5 40. Bf3
Re3 41. Qxf5 Rd7 42. Qf8+ Rd8 43. Qf5 Rd7 44. Rxb7+ Qxb7 45. Rb1 Qxb1 46. Qxb1+
Rb7 47. Qf5 Rb2+ 48. Kf1 Rc3 49. Qf4+ Ka7 50. Be4 d3 51. Qc7+ Ka6 52. Qc6+ Ka7
53. Qc7+ Ka6 54. Bxd3+ Rxd3 55. Qc6+ Ka7 56. Qxc5+ Rb6 1-0

[Event "ENCI Limburg-open A"]
[Site "Maastricht"]
[Date "2008.05.11"]
[Round "4"]
[White "Seip, Rien"]
[Black "Broekmeulen, Joris"]
[Result "1-0"]
[WhiteElo "2026"]
[BlackElo "1862"]
[PlyCount "127"]
[EventDate "2008.05.09"]
[EventType "swiss"]
[EventRounds "7"]
[EventCountry "NED"]
[Source "P.Boonen"]
[SourceDate "2010.01.01"]

1. d4 d6 2. Nf3 Nf6 3. c4 Nbd7 4. Nc3 e5 5. e4 c6 6. Be2 Be7 7. O-O O-O 8. d5
Nc5 9. Nd2 a5 10. b3 Bd7 11. f3 cxd5 12. cxd5 b5 13. a4 bxa4 14. bxa4 Rb8 15.
Ba3 Qc7 16. Nb5 Bxb5 17. axb5 Nfd7 18. Nc4 f5 19. exf5 Rxf5 20. Kh1 Rf4 21.
Bxc5 Qxc5 22. Nxa5 Bf6 23. Nc6 Re8 24. Rc1 Qe3 25. Qd3 Qxd3 26. Bxd3 Nc5 27.
Be4 Bd8 28. g3 Rf7 29. Ra1 Ref8 30. Rfb1 Bb6 31. Ra2 g5 32. g4 Nxe4 33. fxe4
Rf1+ 34. Rxf1 Rxf1+ 35. Kg2 Rg1+ 36. Kf3 Rf1+ 37. Kg3 Rg1+ 38. Kh3 Rb1 39. Ne7+
Kf7 40. Nf5 Bc5 41. Ra6 Rxb5 42. Ra7+ Kg8 43. Rg7+ Kh8 44. Rxg5 Rb3+ 45. Kg2
Rb2+ 46. Kf3 Rxh2 47. Ne7 Rf2+ 48. Kg3 Rf8 49. Nf5 Rf6 50. Rh5 Rf8 51. Rh6 Rd8
52. Re6 Kg8 53. Re7 Ra8 54. Rg7+ Kf8 55. Rxh7 Ra4 56. g5 Ra1 57. Kg4 Bb4 58. g6
Rg1+ 59. Kh5 Kg8 60. Nh6+ Kf8 61. Rf7+ Ke8 62. g7 Bd2 63. Rf8+ Kd7 64. Nf5 1-0

[Event "ENCI Limburg-open A"]
[Site "Maastricht"]
[Date "2008.05.11"]
[Round "4"]
[White "Severens, Lars"]
[Black "Goes, Dirk"]
[Result "0-1"]
[WhiteElo "2169"]
[BlackElo "1972"]
[PlyCount "33"]
[EventDate "2008.05.09"]
[EventType "swiss"]
[EventRounds "7"]
[EventCountry "NED"]
[Source "P.Boonen"]
[SourceDate "2010.01.01"]

1. d4 e6 2. c4 b6 3. Nc3 Bb4 4. e4 Bb7 5. d5 f5 6. Bd3 fxe4 7. Bxe4 Qh4 8. Qd3
Nf6 9. Bf3 Ng4 10. Qd4 h5 11. dxe6 Bc5 12. exd7+ Nxd7 13. Qxg7 Qxf2+ 14. Kd1
O-O-O 15. Bxb7+ Kxb7 16. Nge2 Qxg2 17. Re1 0-1

[Event "ENCI Limburg-open A"]
[Site "Maastricht"]
[Date "2008.05.11"]
[Round "4"]
[White "Simenon, Jozef"]
[Black "Ringoir, Guy"]
[Result "1-0"]
[WhiteElo "2182"]
[BlackElo "1941"]
[PlyCount "107"]
[EventDate "2008.05.09"]
[EventType "swiss"]
[EventRounds "7"]
[EventCountry "NED"]
[Source "P.Boonen"]
[SourceDate "2010.01.01"]

1. c4 e5 2. Nc3 Nc6 3. Nf3 f5 4. d4 e4 5. Ng5 Nf6 6. e3 Bb4 7. Bd2 O-O 8. c5
Bxc3 9. Bc4+ Kh8 10. Bxc3 Qe7 11. Qb3 Nd8 12. h4 Ne6 13. Nxe6 dxe6 14. c6 bxc6
15. Bb4 Qf7 16. Bxf8 Qxf8 17. g3 Bd7 18. Qa3 Qe8 19. Qa5 Qb8 20. O-O Qb6 21.
Qxb6 cxb6 22. a4 a6 23. Rfc1 g6 24. Rc3 Nd5 25. Rb3 Rb8 26. Bxa6 b5 27. axb5
cxb5 28. Rba3 Kg7 29. Rc1 Kf6 30. Rc5 Nb4 31. Rc7 Ke7 32. Ra5 Kd6 33. Rxd7+
Kxd7 34. Bxb5+ Kd6 35. Bc4 Nc6 36. Ra6 Rxb2 37. Bxe6 Kxe6 38. Rxc6+ Kf7 39. h5
Rb1+ 40. Kg2 Rd1 41. Rc7+ Kg8 42. h6 Rd2 43. Rc8+ Kf7 44. Rh8 g5 45. Rxh7+ Kg6
46. Rh8 f4 47. gxf4 gxf4 48. Kf1 f3 49. Kg1 Rd1+ 50. Kh2 Rf1 51. Kg3 Kg5 52. h7
Rg1+ 53. Kh2 Rg2+ 54. Kh1 1-0

[Event "ENCI Limburg-open A"]
[Site "Maastricht"]
[Date "2008.05.11"]
[Round "4"]
[White "Skrobic, Dragan"]
[Black "Carcan, Stephane"]
[Result "0-1"]
[WhiteElo "1918"]
[BlackElo "2047"]
[PlyCount "74"]
[EventDate "2008.05.09"]
[EventType "swiss"]
[EventRounds "7"]
[EventCountry "NED"]
[Source "P.Boonen"]
[SourceDate "2010.01.01"]

1. e4 e6 2. d4 d5 3. Nd2 c5 4. c3 cxd4 5. cxd4 dxe4 6. Nxe4 Bb4+ 7. Nc3 Nf6 8.
Nf3 O-O 9. Bd3 a6 10. O-O Nbd7 11. Bd2 b6 12. a3 Bd6 13. Ne4 Nxe4 14. Bxe4 Rb8
15. Ne5 Qh4 16. Re1 Nxe5 17. dxe5 Bxe5 18. Bxh7+ Qxh7 19. Rxe5 Bb7 20. Qg4 Rfd8
21. Bc3 Rd5 22. Rae1 Rxe5 23. Rxe5 Rd8 24. Re1 Qh6 25. Qg3 Rd7 26. Qb8+ Kh7 27.
Qe8 Qg6 28. g3 Rd1 29. Rxd1 Qe4 30. Kf1 Qh1+ 31. Ke2 Bf3+ 32. Ke3 Qxd1 33. Kf4
Bb7 34. Qe7 Qf3+ 35. Ke5 Qf5+ 36. Kd6 Qc5+ 37. Kd7 Qc6+ 0-1

[Event "ENCI Limburg-open A"]
[Site "Maastricht"]
[Date "2008.05.11"]
[Round "4"]
[White "Smits, Sebastiaan"]
[Black "Van Oosterom, Chiel"]
[Result "1/2-1/2"]
[WhiteElo "2122"]
[BlackElo "2399"]
[PlyCount "76"]
[EventDate "2008.05.09"]
[EventType "swiss"]
[EventRounds "7"]
[EventCountry "NED"]
[Source "P.Boonen"]
[SourceDate "2010.01.01"]

1. e4 c5 2. d3 Nc6 3. f4 d5 4. Be2 Nf6 5. e5 Nd7 6. Nf3 e6 7. O-O Be7 8. c4 O-O
9. Kh1 b6 10. Nc3 d4 11. Ne4 f6 12. exf6 Nxf6 13. Nfg5 h6 14. Bf3 Qc7 15. Qa4
hxg5 16. Nxf6+ Rxf6 17. Qxc6 Qxc6 18. Bxc6 Rb8 19. Bd2 g4 20. Rae1 Bd6 21. g3
Bb7 22. Bxb7 Rxb7 23. Kg2 Kf7 24. Rf2 Rb8 25. Re4 Rh8 26. Rfe2 Rh5 27. Kg1 Rhf5
28. a3 Ke7 29. Kg2 a5 30. a4 Kd7 31. b3 Rh5 32. Bc1 Rh8 33. Bd2 Rhf8 34. Bc1
Rg8 35. Bd2 Bc7 36. Bc1 g6 37. Bd2 Re8 38. Bc1 Rh8 1/2-1/2

[Event "ENCI Limburg-open A"]
[Site "Maastricht"]
[Date "2008.05.11"]
[Round "4"]
[White "Snoeck, Rene"]
[Black "Burg, Twan"]
[Result "0-1"]
[WhiteElo "1942"]
[BlackElo "2342"]
[PlyCount "104"]
[EventDate "2008.05.09"]
[EventType "swiss"]
[EventRounds "7"]
[EventCountry "NED"]
[Source "P.Boonen"]
[SourceDate "2010.01.01"]

1. d4 Nf6 2. c4 g6 3. Nc3 Bg7 4. g3 O-O 5. Bg2 d6 6. Nf3 Nbd7 7. O-O e5 8. dxe5
dxe5 9. Qc2 c6 10. Rd1 Re8 11. Ng5 Qc7 12. Nge4 Bf8 13. Bg5 Nxe4 14. Nxe4 h6
15. Be3 f5 16. Rxd7 Bxd7 17. Nf6+ Kh8 18. Nxe8 Rxe8 19. Rd1 Be6 20. b3 a6 21.
Qc3 Bg7 22. Qd2 Kh7 23. Qd6 Qa5 24. Qd2 Qa3 25. Qc2 Bf8 26. Bc1 Qa5 27. Qd2
Qxd2 28. Rxd2 Bb4 29. Rd1 Bc3 30. Ba3 e4 31. e3 Be5 32. Bc5 b5 33. Bf1 Kg8 34.
Be2 Kf7 35. Kf1 h5 36. Bd4 Bd6 37. cxb5 axb5 38. Rc1 Bd5 39. a4 bxa4 40. bxa4
Ra8 41. Ra1 Bb4 42. Rc1 Rxa4 43. h3 Ke6 44. g4 hxg4 45. hxg4 Ra5 46. Bb6 Ra8
47. Kg2 c5 48. Bxc5 Rc8 49. Bxb4 Rxc1 50. Ba5 Ra1 51. Bc7 Ra2 52. gxf5+ Kd7 0-1

[Event "ENCI Limburg-open A"]
[Site "Maastricht"]
[Date "2008.05.11"]
[Round "4"]
[White "Soors, Stef"]
[Black "Memarian, Milad"]
[Result "1-0"]
[WhiteElo "2170"]
[BlackElo "1939"]
[PlyCount "45"]
[EventDate "2008.05.09"]
[EventType "swiss"]
[EventRounds "7"]
[EventCountry "NED"]
[Source "P.Boonen"]
[SourceDate "2010.01.01"]

1. d4 e6 2. c4 Nf6 3. Nc3 d5 4. cxd5 exd5 5. Bg5 Be7 6. e3 O-O 7. Qc2 c6 8. Bd3
Nbd7 9. Nf3 Re8 10. O-O Nf8 11. Rae1 g6 12. Ne5 Ne6 13. f4 Ng7 14. f5 Rf8 15.
g4 Nfe8 16. fxg6 hxg6 17. Bxe7 Qxe7 18. Qf2 g5 19. Qg3 Nf6 20. Rxf6 Qxf6 21.
Qh3 Bf5 22. gxf5 Rfd8 23. Ng4 1-0

[Event "ENCI Limburg-open A"]
[Site "Maastricht"]
[Date "2008.05.11"]
[Round "4"]
[White "Tate, Emory"]
[Black "Miesen, Fabian"]
[Result "1-0"]
[WhiteElo "2378"]
[BlackElo "2165"]
[PlyCount "67"]
[EventDate "2008.05.09"]
[EventType "swiss"]
[EventRounds "7"]
[EventCountry "NED"]
[Source "P.Boonen"]
[SourceDate "2010.01.01"]

1. d4 d5 2. c4 Nc6 3. e3 e5 4. dxe5 d4 5. a3 a5 6. Nf3 Bg4 7. Be2 dxe3 8. Bxe3
Qxd1+ 9. Bxd1 O-O-O 10. Nbd2 Nge7 11. Ba4 Ng6 12. Bxc6 bxc6 13. O-O Be7 14. h3
Bxf3 15. Nxf3 Rd3 16. Rfd1 Rhd8 17. Rxd3 Rxd3 18. Re1 a4 19. Kf1 h6 20. Ke2 Rb3
21. Bc1 Bg5 22. Nxg5 hxg5 23. Kd1 Nf4 24. Bxf4 gxf4 25. Kc2 Kd7 26. Re4 g5 27.
h4 gxh4 28. Rxf4 h3 29. gxh3 Rxh3 30. Rxf7+ Ke6 31. Rxc7 Rf3 32. Rxc6+ Kxe5 33.
Ra6 Kd4 34. Rxa4 1-0

[Event "ENCI Limburg-open A"]
[Site "Maastricht"]
[Date "2008.05.11"]
[Round "4"]
[White "Taverniers, Peter"]
[Black "Skrijelj, Redzep"]
[Result "0-1"]
[WhiteElo "1810"]
[BlackElo "2006"]
[PlyCount "86"]
[EventDate "2008.05.09"]
[EventType "swiss"]
[EventRounds "7"]
[EventCountry "NED"]
[Source "P.Boonen"]
[SourceDate "2010.01.01"]

1. c4 c6 2. Nc3 d5 3. cxd5 cxd5 4. d4 Nf6 5. Bf4 e6 6. e3 a6 7. Bd3 Bd6 8. Bxd6
Qxd6 9. Nf3 Nbd7 10. O-O b5 11. b3 Bb7 12. Rc1 O-O 13. h3 Rad8 14. Qc2 Rfe8 15.
Ne2 Rc8 16. Qb2 Ne4 17. Rxc8 Rxc8 18. Rc1 Rxc1+ 19. Qxc1 f6 20. Nd2 Nf8 21. f3
Ng5 22. Qc3 e5 23. dxe5 fxe5 24. f4 d4 25. exd4 Qd5 26. Bc4 bxc4 27. Qxc4 exf4
28. Nxf4 Qf7 29. Qxf7+ Kxf7 30. Nc4 Ke7 31. Nd3 Nfe6 32. Nc5 Nxc5 33. dxc5 Ne6
34. Ne5 Bd5 35. b4 Bxa2 36. Nc6+ Kf6 37. Kf2 Bc4 38. Ke3 Bd5 39. Nb8 Bxg2 40.
Nxa6 Bxh3 41. c6 Bf1 42. Nb8 Kf5 43. Nd7 Bb5 0-1

[Event "ENCI Limburg-open A"]
[Site "Maastricht"]
[Date "2008.05.11"]
[Round "4"]
[White "Ten Hertog, Hugo"]
[Black "Boulan, Laura"]
[Result "1-0"]
[WhiteElo "2075"]
[BlackElo "1921"]
[PlyCount "43"]
[EventDate "2008.05.09"]
[EventType "swiss"]
[EventRounds "7"]
[EventCountry "NED"]
[Source "P.Boonen"]
[SourceDate "2010.01.01"]

1. e4 d6 2. d4 e5 3. dxe5 dxe5 4. Qxd8+ Kxd8 5. Nc3 c6 6. Be3 Nd7 7. O-O-O Kc7
8. g3 Bc5 9. Rxd7+ Bxd7 10. Bxc5 b6 11. Be3 Rd8 12. h3 Ne7 13. a4 Be6 14. Be2
f6 15. b3 Rhe8 16. Kb2 Kb7 17. Nf3 Rc8 18. Nd2 Red8 19. Nc4 a6 20. Nxb6 Rc7 21.
a5 h6 22. Nca4 1-0

[Event "ENCI Limburg-open A"]
[Site "Maastricht"]
[Date "2008.05.11"]
[Round "4"]
[White "Tonoli, Benjamin"]
[Black "Braeken, Barry"]
[Result "1-0"]
[WhiteElo "2190"]
[BlackElo "1916"]
[PlyCount "65"]
[EventDate "2008.05.09"]
[EventType "swiss"]
[EventRounds "7"]
[EventCountry "NED"]
[Source "P.Boonen"]
[SourceDate "2010.01.01"]

1. e4 e5 2. Nf3 Nc6 3. Bb5 Nd4 4. Nxd4 exd4 5. c3 Qg5 6. Bf1 Qg6 7. d3 Bc5 8.
b4 Bb6 9. c4 d6 10. Bb2 a5 11. a3 f5 12. Nd2 a4 13. Qe2 Ne7 14. e5 O-O 15. exd6
Nc6 16. O-O-O Re8 17. Qf3 Qxd6 18. c5 Bxc5 19. bxc5 Qxc5+ 20. Kb1 Be6 21. Rc1
Qb5 22. Rc2 Nb4 23. axb4 Qxb4 24. Be2 a3 25. Bd1 axb2 26. Rxb2 Qc3 27. Bb3 Bxb3
28. Nxb3 Re1+ 29. Rxe1 Qxe1+ 30. Nc1 Qa5 31. Qxb7 Qa1+ 32. Kc2 Qa4+ 33. Qb3+
1-0

[Event "ENCI Limburg-open A"]
[Site "Maastricht"]
[Date "2008.05.11"]
[Round "4"]
[White "Van Assendelft, Floris"]
[Black "Van der Zwet, Bart"]
[Result "1-0"]
[WhiteElo "2250"]
[BlackElo "2057"]
[PlyCount "81"]
[EventDate "2008.05.09"]
[EventType "swiss"]
[EventRounds "7"]
[EventCountry "NED"]
[Source "P.Boonen"]
[SourceDate "2010.01.01"]

1. e4 e6 2. d4 d5 3. Nc3 Bb4 4. e5 c5 5. a3 Bxc3+ 6. bxc3 Ne7 7. Qg4 Qa5 8. Bd2
Qa4 9. Qxg7 Rg8 10. Qxh7 cxd4 11. Nf3 Nbc6 12. Rb1 dxc3 13. Bxc3 Qxa3 14. Qd3
Rg4 15. Be2 d4 16. Ba1 Qxd3 17. Bxd3 Rxg2 18. Nxd4 a6 19. h4 Rg4 20. h5 Bd7 21.
Nb3 Nb4 22. Be2 Rf4 23. h6 O-O-O 24. h7 Ng6 25. Kf1 Bc6 26. Rh3 Rh8 27. Nd4 a5
28. c3 Be4 29. Rb3 Bd5 30. c4 Be4 31. Nb5 Bf5 32. Nd6+ Kb8 33. Rh2 Bc2 34. Rf3
Rh4 35. Rxh4 Nxh4 36. Rxf7 Rxh7 37. Rf8+ Ka7 38. Nb5+ Kb6 39. Bd4+ Kc6 40. Rd8
Rd7 41. Rc8+ 1-0

[Event "ENCI Limburg-open A"]
[Site "Maastricht"]
[Date "2008.05.11"]
[Round "4"]
[White "Van Kerkhof, David"]
[Black "Geboers, Jimmy"]
[Result "1-0"]
[WhiteElo "2226"]
[BlackElo "1968"]
[PlyCount "67"]
[EventDate "2008.05.09"]
[EventType "swiss"]
[EventRounds "7"]
[EventCountry "NED"]
[Source "P.Boonen"]
[SourceDate "2010.01.01"]

1. e4 d5 2. exd5 Qxd5 3. Nc3 Qa5 4. d4 c6 5. Bc4 Bf5 6. Nge2 e6 7. O-O Nf6 8.
Ng3 Bg6 9. f4 Be7 10. f5 exf5 11. Qe2 Qd8 12. Nxf5 Bxf5 13. Rxf5 O-O 14. Be3
Nbd7 15. Raf1 b5 16. Bd3 b4 17. Ne4 Nd5 18. Bd2 g6 19. R5f2 f5 20. Ng3 Bf6 21.
Qe6+ Rf7 22. Bxf5 Nf8 23. Qe4 gxf5 24. Nxf5 Re7 25. Qg4+ Ng6 26. c4 bxc3 27.
bxc3 Kh8 28. c4 Nb6 29. Nxe7 Bxd4 30. Nxg6+ hxg6 31. Kh1 Bxf2 32. Bc3+ Kh7 33.
Rxf2 Kh6 34. Bf6 1-0

[Event "ENCI Limburg-open A"]
[Site "Maastricht"]
[Date "2008.05.11"]
[Round "4"]
[White "Van Mechelen, Jan"]
[Black "Kotronias, Vasilios"]
[Result "0-1"]
[WhiteElo "2304"]
[BlackElo "2611"]
[PlyCount "148"]
[EventDate "2008.05.09"]
[EventType "swiss"]
[EventRounds "7"]
[EventCountry "NED"]
[Source "P.Boonen"]
[SourceDate "2010.01.01"]

1. Nf3 Nf6 2. g3 g6 3. c4 Bg7 4. Bg2 O-O 5. O-O d6 6. Nc3 c6 7. d3 a5 8. Rb1 d5
9. cxd5 Nxd5 10. Bd2 e5 11. Qc1 Re8 12. Bh6 Bh8 13. Rd1 Na6 14. h3 Nac7 15. e3
Ne6 16. Na4 Ra6 17. Nc5 Nxc5 18. Qxc5 Nc7 19. Qc1 a4 20. e4 Be6 21. Ra1 Nb5 22.
Be3 Bf6 23. Kh2 Qd6 24. Bc5 Qd7 25. d4 Nxd4 26. Bxd4 exd4 27. e5 Bg7 28. Rxd4
Bd5 29. Qd1 b5 30. Rc1 Qe7 31. a3 Raa8 32. Qd2 Rad8 33. Rd1 Qa7 34. Qf4 Rd7 35.
h4 Rde7 36. R4d2 Qb8 37. h5 Bxe5 38. Nxe5 Rxe5 39. hxg6 Rh5+ 40. Kg1 Qxf4 41.
gxf4 fxg6 42. Bxd5+ cxd5 43. Rxd5 Re1+ 44. Kg2 Rxd1 45. Rxd1 Kf7 46. Rd6 Ke7
47. Rb6 Kd7 48. Kg3 Kc7 49. Re6 Rd5 50. Re2 Kb6 51. Kh4 Kc5 52. Rc2+ Kd4 53.
Kg3 Kd3 54. Rc7 Kd2 55. Rxh7 Kc2 56. Rg7 Kxb2 57. Rxg6 Kxa3 58. Rg5 Rd3+ 59.
Kg4 b4 60. f5 Rd8 61. f6 Rf8 62. Kf5 b3 63. Ke6 b2 64. Rb5 Ka2 65. Ke7 Rh8 66.
f7 b1=Q 67. Rxb1 Kxb1 68. f8=Q Rxf8 69. Kxf8 a3 70. f4 a2 71. f5 a1=Q 72. Kf7
Qa2+ 73. Kg7 Qg2+ 74. Kf7 Qd5+ 0-1

[Event "ENCI Limburg-open A"]
[Site "Maastricht"]
[Date "2008.05.11"]
[Round "4"]
[White "Wallace, Mitchel"]
[Black "Ypma, Peter"]
[Result "0-1"]
[WhiteElo "1773"]
[BlackElo "1992"]
[PlyCount "56"]
[EventDate "2008.05.09"]
[EventType "swiss"]
[EventRounds "7"]
[EventCountry "NED"]
[Source "P.Boonen"]
[SourceDate "2010.01.01"]

1. e4 e5 2. Nf3 Nc6 3. d4 exd4 4. Bc4 Bc5 5. O-O d6 6. Bg5 Nge7 7. c3 dxc3 8.
Nxc3 O-O 9. Nd5 h6 10. Bh4 Qd7 11. Bb5 Ng6 12. Bg3 a6 13. Ba4 b5 14. Bc2 Nge5
15. Nxe5 Nxe5 16. b3 c6 17. b4 Ba7 18. Ne3 Bxe3 19. fxe3 Nc4 20. Qe2 Qa7 21.
Bf2 Rd8 22. Bb3 Be6 23. Rfd1 Ne5 24. Bxe6 fxe6 25. Bg3 Nc4 26. Bf2 e5 27. a4
Qf7 28. axb5 axb5 0-1

[Event "ENCI Limburg-open A"]
[Site "Maastricht"]
[Date "2008.05.11"]
[Round "4"]
[White "Wemmers, Xander"]
[Black "Jellema, Yme Jan"]
[Result "1-0"]
[WhiteElo "2387"]
[BlackElo "2112"]
[PlyCount "63"]
[EventDate "2008.05.09"]
[EventType "swiss"]
[EventRounds "7"]
[EventCountry "NED"]
[Source "P.Boonen"]
[SourceDate "2010.01.01"]

1. e4 c6 2. d4 d5 3. e5 Bf5 4. Be3 e6 5. Nd2 Nd7 6. f4 c5 7. Ngf3 Rc8 8. Be2
Ne7 9. O-O Nc6 10. Nb3 Nb4 11. Ne1 c4 12. Nc1 h5 13. c3 Nc6 14. g3 Qb6 15. Qd2
Ne7 16. Nf3 Be4 17. Ng5 Bg6 18. b3 cxb3 19. axb3 Nf5 20. Bf2 Be7 21. Nf3 a6 22.
c4 dxc4 23. bxc4 Qd8 24. Nb3 O-O 25. Rfc1 b5 26. cxb5 axb5 27. d5 exd5 28. Qxd5
b4 29. Rxc8 Qxc8 30. Rc1 Qd8 31. Qb7 Nb8 32. Bb5 1-0

[Event "ENCI Limburg-open A"]
[Site "Maastricht"]
[Date "2008.05.11"]
[Round "4"]
[White "Zachariassen, Bjarne"]
[Black "Nabuurs, Mart"]
[Result "1/2-1/2"]
[WhiteElo "1938"]
[BlackElo "2093"]
[PlyCount "43"]
[EventDate "2008.05.09"]
[EventType "swiss"]
[EventRounds "7"]
[EventCountry "NED"]
[Source "P.Boonen"]
[SourceDate "2010.01.01"]

1. e4 d5 2. exd5 Qxd5 3. Nf3 Bg4 4. Be2 Nc6 5. d4 O-O-O 6. Be3 e6 7. h3 Bh5 8.
c4 Qd7 9. Qb3 Nf6 10. Nc3 Na5 11. Qb5 Qxb5 12. Nxb5 Bb4+ 13. Kf1 Bxf3 14. gxf3
a6 15. Nc3 Nc6 16. Rd1 Rd7 17. Rg1 g6 18. d5 exd5 19. cxd5 Bxc3 20. dxc6 Rxd1+
21. Bxd1 Bxb2 22. cxb7+ 1/2-1/2

[Event "ENCI Limburg-open A"]
[Site "Maastricht"]
[Date "2008.05.11"]
[Round "5"]
[White "Akstinat, Sven Holger"]
[Black "Seip, Rien"]
[Result "1/2-1/2"]
[WhiteElo "2179"]
[BlackElo "2026"]
[PlyCount "92"]
[EventDate "2008.05.09"]
[EventType "swiss"]
[EventRounds "7"]
[EventCountry "NED"]
[Source "P.Boonen"]
[SourceDate "2010.01.01"]

1. e4 e6 2. d4 d5 3. Nc3 Nf6 4. e5 Nfd7 5. f4 c5 6. Nf3 Nc6 7. Be3 cxd4 8. Nxd4
Bc5 9. Qd2 Nxd4 10. Bxd4 a6 11. h4 b5 12. O-O-O b4 13. Na4 Qa5 14. b3 Bb7 15.
Kb1 Bxd4 16. Qxd4 Bc6 17. Nb2 O-O 18. Rh3 Qc5 19. g4 a5 20. c3 Rfc8 21. cxb4
axb4 22. Rh2 Qa5 23. Nd3 Rcb8 24. Rc2 Bb5 25. Rdc1 Bxd3 26. Bxd3 Nb6 27. f5 Rc8
28. fxe6 fxe6 29. Rxc8+ Rxc8 30. Rxc8+ Nxc8 31. g5 Qb6 32. Qg4 g6 33. h5 Ne7
34. hxg6 Nxg6 35. Bxg6 hxg6 36. Qf4 Qg1+ 37. Kc2 Qg2+ 38. Kb1 Qe4+ 39. Qxe4
dxe4 40. Kc2 Kf7 41. Kd2 Ke7 42. Ke3 Kd7 43. Kxe4 Kc6 44. Kd4 Kb5 45. Kd3 Kc5
46. Ke4 Kc6 1/2-1/2

[Event "ENCI Limburg-open A"]
[Site "Maastricht"]
[Date "2008.05.11"]
[Round "5"]
[White "Beijerinck, Nick"]
[Black "Dirksen, Marieke"]
[Result "0-1"]
[WhiteElo "2023"]
[BlackElo "1873"]
[PlyCount "54"]
[EventDate "2008.05.09"]
[EventType "swiss"]
[EventRounds "7"]
[EventCountry "NED"]
[Source "P.Boonen"]
[SourceDate "2010.01.01"]

1. e4 c5 2. Nf3 d6 3. d4 cxd4 4. Nxd4 Nf6 5. Nc3 g6 6. Be3 Bg7 7. f3 a6 8. Qd2
h5 9. O-O-O Nbd7 10. Bc4 b5 11. Nd5 Bb7 12. Bb3 Nc5 13. h3 Rb8 14. Bg5 Nfxe4
15. fxe4 Nxe4 16. Qd3 Nxg5 17. h4 e5 18. Rde1 O-O 19. Nf5 Ne6 20. Nxd6 Nc5 21.
Qg3 Nxb3+ 22. Qxb3 Qxd6 23. Rd1 Qe6 24. Rd3 e4 25. Re1 Rbd8 26. Nb4 Qxb3 27.
Rxb3 a5 0-1

[Event "ENCI Limburg-open A"]
[Site "Maastricht"]
[Date "2008.05.11"]
[Round "5"]
[White "Berg, Emanuel"]
[Black "Van Assendelft, Floris"]
[Result "1-0"]
[WhiteElo "2601"]
[BlackElo "2250"]
[PlyCount "85"]
[EventDate "2008.05.09"]
[EventType "swiss"]
[EventRounds "7"]
[EventCountry "NED"]
[Source "P.Boonen"]
[SourceDate "2010.01.01"]

1. e4 c5 2. Nf3 d6 3. d4 cxd4 4. Nxd4 Nf6 5. Nc3 a6 6. Bc4 e6 7. Bb3 Nc6 8. Be3
Be7 9. f3 O-O 10. Qd2 Nxd4 11. Bxd4 b5 12. O-O-O Nd7 13. Qe1 Re8 14. h4 Bf8 15.
g4 Qc7 16. g5 Nc5 17. Kb1 b4 18. Ne2 a5 19. Bxc5 Qxc5 20. Ba4 Rd8 21. Nf4 g6
22. Nd3 Qc7 23. h5 Bg7 24. f4 Qe7 25. Rd2 Ba6 26. hxg6 hxg6 27. Rdh2 f5 28. Qh4
Kf7 29. exf5 gxf5 30. Bb3 Bxd3 31. cxd3 d5 32. Bd1 Ke8 33. Ba4+ Kf7 34. Bd1 Ke8
35. Re1 Kd7 36. Ba4+ Kc7 37. Rhe2 Ra6 38. Qh3 Qd6 39. Qh7 Qf8 40. Rxe6 Rxe6 41.
Rxe6 Kb8 42. Rb6+ Kc8 43. Qg6 1-0

[Event "ENCI Limburg-open A"]
[Site "Maastricht"]
[Date "2008.05.11"]
[Round "5"]
[White "Beukema, Stefan"]
[Black "Laarhoven, Thijs"]
[Result "0-1"]
[WhiteElo "1962"]
[BlackElo "2193"]
[PlyCount "78"]
[EventDate "2008.05.09"]
[EventType "swiss"]
[EventRounds "7"]
[EventCountry "NED"]
[Source "P.Boonen"]
[SourceDate "2010.01.01"]

1. e4 d5 2. exd5 Qxd5 3. Nc3 Qa5 4. d4 Nf6 5. Bd2 c6 6. Bc4 Bf5 7. Nf3 e6 8.
Ne5 Nbd7 9. Qe2 Qc7 10. Bf4 Nxe5 11. Bxe5 Bd6 12. Bxf6 gxf6 13. d5 cxd5 14.
Nxd5 Qa5+ 15. c3 O-O-O 16. Qf3 Rhg8 17. h3 Rg5 18. O-O-O exd5 19. Rxd5 Bf4+ 20.
Qxf4 Rxd5 21. Bxd5 Qxd5 22. Qb4 Be6 23. Rd1 Qc5 24. Qa4 Rg8 25. Rd4 Kb8 26. g4
f5 27. f3 fxg4 28. hxg4 a6 29. Qc2 h5 30. Qh2+ Ka7 31. Qd2 hxg4 32. b4 Qb6 33.
a4 g3 34. a5 Qc7 35. Qe3 Kb8 36. Rd1 g2 37. Kb2 g1=Q 38. Qxg1 Rxg1 39. Rxg1
Qh2+ 0-1

[Event "ENCI Limburg-open A"]
[Site "Maastricht"]
[Date "2008.05.11"]
[Round "5"]
[White "Blijlevens, Pim"]
[Black "Wallace, Mitchel"]
[Result "1-0"]
[WhiteElo "1899"]
[BlackElo "1773"]
[PlyCount "73"]
[EventDate "2008.05.09"]
[EventType "swiss"]
[EventRounds "7"]
[EventCountry "NED"]
[Source "P.Boonen"]
[SourceDate "2010.01.01"]

1. d4 d6 2. c4 Nf6 3. Nc3 Nbd7 4. g3 c6 5. Bg2 e5 6. e3 Be7 7. Nf3 Qc7 8. O-O
O-O 9. b3 Re8 10. Ba3 Qa5 11. Qc1 Qc7 12. Qb2 Nf8 13. Rac1 Ng6 14. b4 Bf5 15.
Rfd1 exd4 16. exd4 Ne4 17. b5 Nxc3 18. Qxc3 Bf6 19. bxc6 bxc6 20. Re1 Be4 21.
Rcd1 Rab8 22. Qd2 c5 23. dxc5 dxc5 24. Qd6 Qa5 25. Qxc5 Qa4 26. Bc1 Qxa2 27.
Rd2 Qb1 28. Rde2 Rec8 29. Qxa7 Bf5 30. Bg5 Qb4 31. Bxf6 gxf6 32. Nd4 Bd3 33.
Bd5 Qf8 34. Re3 Bxc4 35. Bxc4 Rxc4 36. Qxb8 Rxd4 37. Re8 1-0